[Event "DEN-ch Kort2 Gr-1"]
[Site "Svendborg"]
[Date "2022.04.14"]
[Round "2"]
[White "Motzkus, Mikkel"]
[Black "Nielsen, Klaus"]
[Result "1/2-1/2"]
[WhiteElo "1974"]
[BlackElo "2008"]
[PlyCount "95"]
[EventDate "2022.04.14"]
[EventType "swiss"]
[EventRounds "5"]
[EventCountry "DEN"]
[SourceTitle "EXT 2024"]
[Source "ChessBase"]
[SourceDate "2023.10.10"]
[SourceVersion "1"]
[SourceVersionDate "2023.10.10"]
[SourceQuality "1"]

1. d4 d5 2. Nf3 e6 3. c4 c6 4. Nc3 f5 5. Bf4 Nf6 6. cxd5 exd5 7. Rc1 Be7 8. e3 0-0 9. Ne5 Ne4 10. h3 Nd7 11. Bd3 Ndf6 12. 0-0 Nxc3 13. bxc3 a5 14. Qc2 Ne4 15. c4 Be6 16. f3 Nd6 17. c5 Ne8 18. Rb1 Bc8 19. Rb6 Nc7 20. g4 Bg5 21. Kh2 Bxf4+ 22. exf4 Qh4 23. Qf2 Qh6 24. Qg3 fxg4 25. fxg4 Ne6 26. g5 Qh5 27. Ng4 Kh8 28. Qe3 Nxd4 29. Ne5 Ne6 30. Rf3 d4 31. Qe4 Nxc5 32. Nf7+ Kg8 33. Nh6+ Qxh6 34. Qxd4 Qh5 35. Re3 Nd7 36. Bc4+ Kh8 37. Rb2 b5 38. Be6 Nb6 39. Qxb6 Bxe6 40. Rxe6 Rxf4 41. Qxc6 Raf8 42. Re5 Qh4 43. Qg2 Rb4 44. Rxb5 Qf4+ 45. Kh1 Qc4 46. R5xb4 axb4 47. Rf2 Re8 48. Qf3 1/2-1/2

[Event "North Sea Cup 23th"]
[Site "Esbjerg"]
[Date "2008.07.17"]
[Round "9"]
[White "Hansen, Ib Lynaes"]
[Black "Motzkus, Mikkel"]
[Result "1/2-1/2"]
[WhiteElo "1926"]
[BlackElo "1995"]
[PlyCount "102"]
[EventDate "2008.07.11"]
[EventType "swiss"]
[EventRounds "10"]
[EventCountry "DEN"]
[SourceTitle "CBM 125 Extra"]
[Source "ChessBase"]
[SourceDate "2008.09.01"]
[SourceVersion "1"]
[SourceVersionDate "2008.09.01"]
[SourceQuality "1"]

1. e4 c6 2. d4 d5 3. Nd2 dxe4 4. Nxe4 Bf5 5. Ng3 Bg6 6. Nf3 Nd7 7. Bd3 Bxd3 8. Qxd3 e6 9. Bf4 Qa5+ 10. c3 Ngf6 11. 0-0 Be7 12. Rfe1 0-0 13. Re2 b5 14. b3 Rac8 15. Nf5 Rfe8 16. Nxe7+ Rxe7 17. Rae1 Ree8 18. h3 Nd5 19. Bd2 Qxa2 20. c4 bxc4 21. bxc4 N5f6 22. Bc3 Qa6 23. Ra1 Qb7 24. Rb2 Qc7 25. Ba5 Qf4 26. Bd2 Qd6 27. Bb4 c5 28. Bc3 cxd4 29. Qxd4 Qxd4 30. Bxd4 Rxc4 31. Rxa7 e5 32. Be3 e4 33. Nd4 Ne5 34. Nf5 Rc6 35. Ne7+ Kf8 36. Nxc6 Nxc6 37. Rc7 Ne5 38. Bc5+ Kg8 39. Rbb7 Nd5 40. Bd4 Nxc7 41. Rxc7 f6 42. Kf1 Nd3 43. g3 Rd8 44. Ba7 Nb4 45. Rc4 Nd5 46. Rxe4 Kf7 47. Re1 Ra8 48. Bd4 Ra2 49. Re2 Rxe2 50. Kxe2 Ke6 51. Kf3 g6 1/2-1/2

[Event "North Sea Cup 23th"]
[Site "Esbjerg"]
[Date "2008.07.15"]
[Round "7"]
[White "Motzkus, Mikkel"]
[Black "Christensen, Thomas1111"]
[Result "0-1"]
[WhiteElo "1995"]
[BlackElo "2166"]
[PlyCount "68"]
[EventDate "2008.07.11"]
[EventType "swiss"]
[EventRounds "10"]
[EventCountry "DEN"]
[SourceTitle "CBM 125 Extra"]
[Source "ChessBase"]
[SourceDate "2008.09.01"]
[SourceVersion "1"]
[SourceVersionDate "2008.09.01"]
[SourceQuality "1"]

1. d4 Nc6 2. Nf3 d6 3. d5 Ne5 4. e4 Nxf3+ 5. Qxf3 e5 6. Bb5+ Bd7 7. Bxd7+ Qxd7 8. 0-0 g6 9. c4 Bg7 10. Nc3 Ne7 11. Bg5 f5 12. Bxe7 Qxe7 13. Qe2 0-0 14. f3 Bf6 15. b4 h5 16. Rab1 h4 17. a4 Bg5 18. a5 Bf4 19. Rb3 Qg5 20. Nb5 Rf7 21. c5 a6 22. Na3 Qe7 23. Rc3 Rff8 24. Rb1 Rab8 25. Qc2 Qg5 26. cxd6 cxd6 27. Rc7 h3 28. exf5 Rxf5 29. Nc4 hxg2 30. Qxg2 Qh6 31. Kf1 Rg5 32. Qh1 e4 33. Rb3 Qh3+ 34. Ke1 Bxh2 0-1

[Event "Politiken Cup 29th"]
[Site "Copenhagen"]
[Date "2007.07.24"]
[Round "5"]
[White "Vigfusson, Vigfus Odon"]
[Black "Motzkus, Mikkel"]
[Result "1-0"]
[WhiteElo "2059"]
[BlackElo "1839"]
[PlyCount "51"]
[EventDate "2007.07.21"]
[EventType "swiss"]
[EventRounds "10"]
[EventCountry "DEN"]
[SourceTitle "CBM 119 Extra"]
[Source "ChessBase"]
[SourceDate "2007.09.04"]
[SourceVersion "1"]
[SourceVersionDate "2007.09.04"]
[SourceQuality "1"]

1. e4 c6 2. d4 d5 3. exd5 cxd5 4. c3 Nc6 5. Bd3 Nf6 6. Bf4 e6 7. Nf3 Bd6 8. Bxd6 Qxd6 9. 0-0 0-0 10. Re1 a6 11. a4 Qc7 12. Nbd2 Rb8 13. Qe2 b5 14. axb5 axb5 15. b4 Qb6 16. Nb3 Ne8 17. Nc5 Nd6 18. Bxh7+ Kxh7 19. Ng5+ Kg8 20. Qh5 Re8 21. Qh7+ Kf8 22. Qh8+ Ke7 23. Qxg7 Nd8 24. Nh7 Nf5 25. Qe5 Nxd4 26. cxd4 1-0

[Event "North Sea Cup 22nd"]
[Site "Esbjerg"]
[Date "2007.07.13"]
[Round "1"]
[White "Motzkus, Mikkel"]
[Black "Skovgaard, Peter"]
[Result "0-1"]
[WhiteElo "1839"]
[BlackElo "2251"]
[PlyCount "60"]
[EventDate "2007.07.13"]
[EventType "swiss"]
[EventRounds "10"]
[EventCountry "DEN"]
[SourceTitle "CBM 119 Extra"]
[Source "ChessBase"]
[SourceDate "2007.09.04"]
[SourceVersion "1"]
[SourceVersionDate "2007.09.04"]
[SourceQuality "1"]

1. d4 Nf6 2. Nf3 c5 3. c4 cxd4 4. Nxd4 e5 5. Nf3 Nc6 6. Nc3 Bc5 7. e3 0-0 8. Be2 a6 9. 0-0 d6 10. b3 e4 11. Nd4 Re8 12. Nxc6 bxc6 13. Qc2 Qa5 14. Rd1 Bb4 15. Bb2 Qg5 16. a3 Bh3 17. Bf1 Ba5 18. Kh1 Bf5 19. Ne2 Ng4 20. Ng3 Qh4 21. h3 Nxe3 22. Nxf5 Nxf5 23. g3 Qe7 24. Bg2 Rad8 25. b4 Bc7 26. Qa4 e3 27. Re1 d5 28. cxd5 cxd5 29. fxe3 Qd6 30. Qc2 Qxg3 0-1